| 000 | 01085cam a2200301 i 4500 | ||
|---|---|---|---|
| 999 |
_c129384 _d129384 |
||
| 001 | 374076 | ||
| 003 | ARRUPE | ||
| 005 | 20190408095836.0 | ||
| 008 | 780214s1978 nyuaf b 000 0 eng | ||
| 010 | _a 78002678 | ||
| 020 |
_a0816493391 : _c$8.95 |
||
| 040 |
_aDLC _cDLC _dDLC |
||
| 041 | 1 | _aengpor | |
| 043 | _af-pg--- | ||
| 050 | 0 | 0 |
_aLC5225.R4 _bF7313 |
| 082 | 0 | 0 | _a374.9/66/57 |
| 100 | 1 |
_aFreire, Paulo, _d1921-1997. _926953 |
|
| 245 | 1 | 0 |
_aPedagogy in process : _bthe letters to Guinea-Bissau / _cPaulo Freire ; translated by Carman St. John Hunter. |
| 260 |
_aLondon : _bBloomsbury, _c2016. |
||
| 300 |
_axi, 154 p., _bill. ; _c22 cm. |
||
| 490 | 0 | _aA Continuum book | |
| 500 | _aTranslation of Cartas à Guiné-Bissau. | ||
| 504 | _aIncludes bibliographical references. | ||
| 650 | 0 |
_aReading (Adult education) _zGuinea-Bissau. _945782 |
|
| 650 | 0 |
_aElementary education of adults _zGuinea-Bissau. _945783 |
|
| 650 | 0 |
_aLiteracy _zGuinea-Bissau _945784 |
|
| 700 |
_aHunter, Carman St John _etr. _945790 |
||
| 906 |
_a7 _bcbc _corignew _d1 _eocip _f19 _gy-gencatlg |
||
| 942 |
_2lcc _cMONOGRAPH |
||